00475nam a2200193Ia 4500003000400000005001700004008004100021020002200062040000700084041000800091082001500099100001800114245004200132260004500174300001400219365001300233650001400246650002100260OSt20230516113533.0210423s2014 xx 000 0 und d a978-0-19-565110-2 cAL aeng a331.1 SENE aSEN (Amartya) aEmployment technology and development aNew DelhibOxford University Pressc2014 ax,193bPB b295cINR aEconomics aLabour Economics